000 00302 a2200085 4500
100 1 _aRieck, Heinrich.
_eAutor
245 0 _aHalbleiter-Laser :
_bPhysikalische Grundlagen, Technologie und Dimensionierung /
_cRieck Heinrich.
710 2 _aBraun.
_eWydawca
_4pbl
260 _aKarlsruhe :
_bBraun,
_c1968.
300 _aIX,134 s.;
_c24 cm.
999 _c11121
_d11121